[Event "Prva A liga SSFBiH"]
[Site "Neum"]
[Date "2012.08.26"]
[Round "2.2"]
[White "Mahmutbegovic, Nadina"]
[Black "Miralem, Mirza"]
[Result "0-1"]
[WhiteElo "1687"]
[BlackElo "2038"]
[PlyCount "74"]
[EventDate "2012.08.25"]

1. e4 e5 2. Nf3 Nc6 3. Bc4 Nf6 4. d3 h6 5. c3 d6 6. Nbd2 Na5 7. Bb5+ Bd7 8.
Bxd7+ Qxd7 9. O-O Nc6 10. Re1 Be7 11. Nf1 Nh7 12. Ng3 Bf6 13. Be3 Ne7 14. d4
Ng5 15. Nxg5 hxg5 16. dxe5 dxe5 17. Qb3 b6 18. Rad1 Qc6 19. Rd2 g6 20. Red1 Kf8
21. Rd8+ Kg7 22. R8d7 Rhf8 23. Qc2 Nc8 24. R7d5 Qe6 25. Qc1 Nd6 26. Bxg5 Rh8
27. f3 Rh7 28. Nf1 Rah8 29. Qd2 Rh5 30. Bxf6+ Qxf6 31. Qf2 Qe6 32. R1d2 Re8 33.
b3 Rhh8 34. Ne3 Re7 35. Ng4 f6 36. c4 Nf7 37. R2d3 c6 0-1

[Event "Prva A liga SSFBiH"]
[Site "Neum"]
[Date "2012.08.26"]
[Round "2.3"]
[White "Mujic, Hamza"]
[Black "Saric, Sinisa"]
[Result "0-1"]
[WhiteElo "2359"]
[BlackElo "2433"]
[PlyCount "72"]
[EventDate "2012.08.25"]

1. e4 d5 2. exd5 Qxd5 3. Nc3 Qd6 4. d4 Nf6 5. Nf3 c6 6. Bd3 Bg4 7. O-O Nbd7 8.
Ne4 Nxe4 9. Bxe4 Nf6 10. Bd3 Bxf3 11. Qxf3 Qxd4 12. Bf4 e6 13. Rad1 Bd6 14. Be3
Qe5 15. Qh3 Ng4 16. g3 Nxe3 17. fxe3 h5 18. Qh4 Qxe3+ 19. Kh1 Be7 20. Qh3 Qg5
21. Rde1 O-O 22. Rf4 Rad8 23. Qg2 Qd5 24. Be4 Qd2 25. Qf1 Bg5 26. Rf3 Rd7 27.
Bd3 Qb4 28. Re4 Qc5 29. h4 Bf6 30. b4 Qc3 31. Kg2 Qd2+ 32. Kh3 Qh6 33. Ref4
Rfd8 34. g4 hxg4+ 35. Rxg4 Kh8 36. Rg6 fxg6 0-1

[Event "Prva A liga SSFBiH"]
[Site "Neum"]
[Date "2012.08.26"]
[Round "2.3"]
[White "Nurkic, Sahbaz"]
[Black "Sekulic, Dusan"]
[Result "1-0"]
[WhiteElo "2397"]
[BlackElo "2306"]
[PlyCount "85"]
[EventDate "2012.08.25"]

1. e4 e5 2. Nf3 Nc6 3. Bb5 f5 4. d3 fxe4 5. dxe4 Nf6 6. O-O d6 7. Nc3 Be7 8.
Bc4 Na5 9. Qd3 c6 10. Ng5 Nxc4 11. Qxc4 Rf8 12. Ne6 Bxe6 13. Qxe6 Qd7 14. Qb3
O-O-O 15. Be3 Kb8 16. Rad1 Ng4 17. Bc1 Rf6 18. f3 Nh6 19. Be3 Rdf8 20. Qa4 b5
21. Qb3 Qb7 22. a4 b4 23. Na2 a5 24. c3 c5 25. cxb4 axb4 26. Qc4 Nf7 27. Rd3
Rc8 28. Rfd1 Rc6 29. Rc1 Ra6 30. Rb3 d5 31. exd5 Rxa4 32. Bxc5 Nd6 33. Bxd6+
Bxd6 34. Nc3 Ra5 35. Ne4 Rf4 36. Qc6 Ra6 37. Qxb7+ Kxb7 38. Rc4 Be7 39. d6 Bxd6
40. Nxd6+ Rxd6 41. Rbxb4+ Rb6 42. Rxf4 exf4 43. Rxf4 1-0

[Event "Prva A liga SSFBiH"]
[Site "Neum"]
[Date "2012.08.26"]
[Round "2.3"]
[White "Muslimovic, Seval"]
[Black "Jefic, Srdjan"]
[Result "0-1"]
[WhiteElo "2132"]
[BlackElo "2165"]
[PlyCount "49"]
[EventDate "2012.08.25"]

1. Nf3 d5 2. d4 Nf6 3. Bf4 c6 4. e3 e6 5. Bd3 Nbd7 6. c4 Be7 7. Nc3 a6 8. c5
O-O 9. O-O Re8 10. Qc2 h6 11. h3 Bf8 12. b4 g5 13. Bh2 g4 14. Ne5 Bg7 15. f4
gxf3 16. gxf3 Nxe5 17. Bxe5 Nh5 18. Bxg7 Qg5+ 19. Kh1 Nxg7 20. Qg2 e5 21. h4
Qf6 22. Rg1 exd4 23. exd4 Kf8 24. Rae1 Bf5 25. Qxg7+ 0-1

[Event "Prva A liga SSFBiH"]
[Site "Neum"]
[Date "2012.08.26"]
[Round "2.3"]
[White "Smajlovic, Nijaz"]
[Black "Djuric, Nebojsa"]
[Result "0-1"]
[WhiteElo "1994"]
[BlackElo "2181"]
[PlyCount "76"]
[EventDate "2012.08.25"]

1. d4 d5 2. c4 c6 3. e3 Nf6 4. Nc3 e6 5. Nf3 Nbd7 6. Bd3 dxc4 7. Bxc4 b5 8. Bd3
a6 9. O-O Bb7 10. Bd2 c5 11. b3 Be7 12. h3 O-O 13. Nh2 Qb6 14. Ne2 e5 15. Bc3
Qc6 16. f3 cxd4 17. exd4 e4 18. Bc2 Rac8 19. Rc1 Ba3 20. b4 Bxc1 21. Qxc1 exf3
22. Rxf3 Ne4 23. Qf4 Ndf6 24. Ng4 Nxg4 25. Qxg4 Nxc3 26. Nxc3 Qe6 27. Qh4 g6
28. Bb3 Qd6 29. d5 Qe5 30. Qg3 Qxg3 31. Rxg3 Rfd8 32. Rd3 f5 33. Kf2 Kf8 34.
Ke3 Ke7 35. Kd4 Kd6 36. a4 bxa4 37. Nxa4 Re8 38. Nc5 Rc7 {necitko} 0-1

[Event "Prva A liga SSFBiH"]
[Site "Neum"]
[Date "2012.08.26"]
[Round "2.3"]
[White "Pantic, Bojan"]
[Black "Omercic, Muhamed"]
[Result "0-1"]
[WhiteElo "2109"]
[BlackElo "2098"]
[PlyCount "130"]
[EventDate "2012.08.25"]

1. d4 Nf6 2. c4 c6 3. g3 d5 4. Bg2 dxc4 5. Nf3 h5 6. O-O Nbd7 7. Bg5 Ne4 8. h4
Nb6 9. a4 a5 10. Na3 Bf5 11. Rc1 c3 12. bxc3 Nxg5 13. Nxg5 e6 14. Nc2 Be7 15.
e4 Bxg5 16. hxg5 Bg6 17. f4 f5 18. gxf6 gxf6 19. Qe2 Bf7 20. Ne3 Rg8 21. Kh2
Qc7 22. Qf3 O-O-O 23. Bh3 Kb8 24. Ng2 Rg7 25. Nh4 Rdg8 26. Rg1 Nc4 27. e5 f5
28. Qe2 Nb6 29. c4 Qd7 30. Nf3 h4 31. Nxh4 Qxd4 32. Nf3 Qc5 33. Ng5 Rh8 34. Qd3
Rxg5 35. fxg5 Qxe5 36. Rge1 Qc7 37. Qe3 Nd7 38. g6 Nf6 39. Qf4 Bg8 40. Rcd1
Qxf4 41. gxf4 Kc7 42. Rd3 Rh6 43. c5 Nd5 44. Rf1 Rxg6 45. Bg2 Bf7 46. Bxd5 cxd5
47. Rb1 Be8 48. Rh3 Rg7 49. Rh6 Bd7 50. Rb6 Re7 51. Kg3 Bxa4 52. Rbxe6 Rxe6 53.
Rxe6 Bc2 54. Re2 Be4 55. Ra2 b6 56. cxb6+ Kxb6 57. Kf2 d4 58. Ra4 d3 59. Ke3
Kb5 60. Rd4 a4 61. Kd2 a3 62. Rd7 Kc4 63. Rc7+ Kb3 64. Rc3+ Kb2 65. Rc5 a2 0-1

[Event "Prva A liga SSFBiH"]
[Site "Neum"]
[Date "2012.08.26"]
[Round "2.4"]
[White "Kamberovic, Senad"]
[Black "Muratovic, Enver"]
[Result "0-1"]
[WhiteElo "2274"]
[BlackElo "2301"]
[PlyCount "104"]
[EventDate "2012.08.25"]

1. d4 Nf6 2. Nf3 e6 3. e3 b6 4. Bd3 Bb7 5. O-O c5 6. b3 Nc6 7. Bb2 cxd4 8. exd4
Nb4 9. Re1 Nxd3 10. Qxd3 Be7 11. Nbd2 O-O 12. c4 d5 13. Ne5 Rc8 14. Rac1 dxc4
15. bxc4 Qd6 16. Rc3 Rfd8 17. Ba3 Qc7 18. Bxe7 Qxe7 19. Ndf3 h6 20. Qb1 Rc7 21.
d5 Nxd5 22. Rd3 Nf6 23. Nd4 Rcc8 24. Red1 Qe8 25. Nb5 Be4 26. Rxd8 Rxd8 27. Qb3
Qe7 28. h3 Rxd1+ 29. Qxd1 Ne8 30. Qd4 Ba8 31. Nxa7 Qxa7 32. Qd8 Qa4 33. Nd7 Bc6
34. Qxe8+ Kh7 35. Nf8+ Kg8 36. Qd8 Be8 37. Qe7 Qc6 38. a3 Qc8 39. Qd6 Ba4 40.
Qb4 Qe8 41. Kh1 Bc2 42. Qd2 Ba4 43. Qb4 Bc6 44. Qd6 Qc8 45. Kg1 Be8 46. Qe7 Ba4
47. Qb4 Bc6 48. Qd6 Qe8 49. Kh1 e5 50. Kg1 e4 51. h4 e3 52. Kf1 Bxg2+ 0-1

[Event "Prva A liga SSFBiH"]
[Site "Neum"]
[Date "2012.08.26"]
[Round "2.4"]
[White "Kojic, Tigran"]
[Black "Konjicanin, Muris"]
[Result "1/2-1/2"]
[WhiteElo "2322"]
[BlackElo "2258"]
[PlyCount "74"]
[EventDate "2012.08.25"]

1. d4 Nf6 2. c4 c5 3. d5 b5 4. cxb5 a6 5. bxa6 Bxa6 6. Nc3 d6 7. Nf3 g6 8. g3
Bg7 9. Bg2 O-O 10. O-O Nbd7 11. h3 Qa5 12. Qc2 Rfb8 13. Rb1 Ne8 14. Bd2 Ne5 15.
Nxe5 Bxe5 16. b3 c4 17. bxc4 Bxc4 18. Rxb8 Rxb8 19. Rc1 Bxc3 20. Bxc3 Qxa2 21.
Qe4 Kf8 22. Qd4 f6 23. e4 Rb1 24. Qe3 Rxc1+ 25. Qxc1 Bd3 26. Qh6+ Kg8 27. Qe3
Qe2 28. Qxe2 Bxe2 29. f4 Bb5 30. Ba5 Kf7 31. Kf2 Ng7 32. Ke3 Bd7 33. g4 h5 34.
Bf3 hxg4 35. hxg4 Ba4 36. g5 fxg5 37. fxg5 e6 1/2-1/2

[Event "Prva A liga SSFBiH"]
[Site "Neum"]
[Date "2012.08.26"]
[Round "2.4"]
[White "Tutic, Resad"]
[Black "Bajramovic, Halid"]
[Result "1-0"]
[WhiteElo "2258"]
[BlackElo "2160"]
[PlyCount "51"]
[EventDate "2012.08.25"]

1. e4 c5 2. Nf3 Nc6 3. Bb5 e6 4. O-O Nf6 5. Re1 Qc7 6. c3 a6 7. Bf1 Be7 8. d3
O-O 9. Bg5 d6 10. Nbd2 b5 11. d4 Bb7 12. Bd3 e5 13. d5 Nb8 14. c4 b4 15. Nf1
Bc8 16. h3 Nh5 17. Nxe5 Bxg5 18. Qxh5 Bf6 19. Nf3 Bxb2 20. e5 g6 21. Qh6 Bxe5
22. Rxe5 dxe5 23. d6 Qa7 24. Be4 Nd7 25. Ne3 Bb7 26. Ng5 1-0

[Event "Prva A liga SSFBiH"]
[Site "Neum"]
[Date "2012.08.26"]
[Round "2.4"]
[White "Radic, Bojan"]
[Black "Zlobec, Srdjan"]
[Result "1-0"]
[WhiteElo "2187"]
[BlackElo "2079"]
[PlyCount "69"]
[EventDate "2012.08.25"]

1. e4 c6 2. d4 d5 3. e5 c5 4. Nf3 Nc6 5. dxc5 Bg4 6. Bb5 Qa5+ 7. Nc3 e6 8. Be3
Nge7 9. a3 a6 10. Ba4 Ng6 11. Bd4 Nh4 12. Rg1 Nf5 13. b4 Qd8 14. Qd3 Bxf3 15.
gxf3 Be7 16. Ne2 O-O 17. Bxc6 bxc6 18. Ng3 Nxg3 19. fxg3 f6 20. O-O-O a5 21. c3
fxe5 22. Bxe5 Bf6 23. Rge1 Qd7 24. Kb2 Ra7 25. Bxf6 Rxf6 26. f4 Qb7 27. Re5 Qa6
28. Qe3 axb4 29. cxb4 Kf7 30. Re1 Qc8 31. g4 Qd7 32. g5 Rf5 33. Rxe6 d4 34. Qe4
Rd5 35. g6+ 1-0

[Event "Prva A liga SSFBiH"]
[Site "Neum"]
[Date "2012.08.26"]
[Round "2.4"]
[White "Mehmedovic, Mirza"]
[Black "Sestic, Nermin"]
[Result "1/2-1/2"]
[WhiteElo "2219"]
[BlackElo "2138"]
[PlyCount "49"]
[EventDate "2012.08.25"]

1. e4 e6 2. d4 d5 3. Nc3 Bb4 4. Bd3 dxe4 5. Bxe4 Nf6 6. Bf3 O-O 7. Bg5 h6 8.
Bxf6 Qxf6 9. Nge2 Rd8 10. O-O Bxc3 11. bxc3 Nd7 12. Qc1 c5 13. Rb1 Rb8 14. Qa3
a6 15. Rfd1 b6 16. Ng3 Qe7 17. Rd3 Kf8 18. Qc1 c4 19. Re3 Nf6 20. a4 Qd7 21.
Qa3+ Kg8 22. a5 b5 23. Nh5 Nxh5 24. Bxh5 Bb7 25. Qb4 1/2-1/2

[Event "Prva A liga SSFBiH"]
[Site "Neum"]
[Date "2012.08.26"]
[Round "2.4"]
[White "Markovic, Dino"]
[Black "Colpa, Husein"]
[Result "0-1"]
[WhiteElo "1511"]
[BlackElo "1980"]
[PlyCount "82"]
[EventDate "2012.08.25"]

1. d4 d5 2. c4 e6 3. Nc3 c6 4. Nf3 Nf6 5. e3 Bb4 6. Bd3 Nbd7 7. O-O dxc4 8.
Bxc4 b5 9. Bd3 Bb7 10. a4 a6 11. Qb3 Be7 12. Bd2 b4 13. Ne2 c5 14. Ne5 Nxe5 15.
dxe5 Bd5 16. Qc2 Nd7 17. f4 g6 18. b3 Qa5 19. e4 Bb7 20. Rad1 O-O-O 21. Be3 Kb8
22. Qb2 f5 23. exf5 gxf5 24. Bc4 Qb6 25. Rf2 Qc6 26. Nc1 Nb6 27. Rxd8+ Rxd8 28.
Bf1 Nd5 29. Bd2 Rg8 30. Qc2 h5 31. Nd3 h4 32. Be1 h3 33. Qe2 Bh4 34. Rf3 hxg2
35. Bxh4 gxf1=Q+ 36. Kxf1 Nc3 37. Qe3 Qxf3+ 38. Qxf3 Bxf3 39. Nxc5 Kc8 40. Nxe6
Bg2+ 41. Ke1 Ne4 0-1

[Event "Prva A liga SSFBiH"]
[Site "Neum"]
[Date "2012.08.26"]
[Round "3.1"]
[White "Saric, Sinisa"]
[Black "Kamberovic, Senad"]
[Result "1/2-1/2"]
[WhiteElo "2433"]
[BlackElo "2274"]
[PlyCount "84"]
[EventDate "2012.08.25"]

1. d4 Nf6 2. c4 e5 3. dxe5 Ne4 4. a3 d6 5. Qc2 Nc5 6. exd6 Bxd6 7. Nf3 a5 8.
Bg5 f6 9. Bh4 Nc6 10. e3 Bg4 11. Nc3 Bh5 12. Na4 Bg6 13. Qd1 Qe7 14. Be2 Ne4
15. Qb3 O-O-O 16. Rd1 Bf5 17. O-O g5 18. Bg3 Nxg3 19. hxg3 h5 20. Nd4 Nxd4 21.
Rxd4 h4 22. g4 Bd7 23. Bf3 Bc6 24. Bxc6 bxc6 25. c5 Be5 26. Rxd8+ Rxd8 27. Rd1
Rxd1+ 28. Qxd1 Qh7 29. Nc3 h3 30. Qb1 Qh4 31. Qf5+ Kb7 32. Qf3 hxg2 33. Kxg2
Qh7 34. Qe4 Qd7 35. Qc4 Qd2 36. Na4 Qd1 37. b3 Qa1 38. b4 axb4 39. Qxb4+ Kc8
40. Qb3 Qc1 41. Qe6+ Kb8 42. Qb3+ Kc8 1/2-1/2

[Event "Prva A liga SSFBiH"]
[Site "Neum"]
[Date "2012.08.26"]
[Round "3.1"]
[White "Konjicanin, Muris"]
[Black "Nurkic, Sahbaz"]
[Result "1/2-1/2"]
[WhiteElo "2258"]
[BlackElo "2397"]
[PlyCount "44"]
[EventDate "2012.08.25"]

1. d4 Nf6 2. Nf3 g6 3. c4 Bg7 4. Nc3 O-O 5. e3 d6 6. Be2 Nbd7 7. O-O e5 8. Qc2
Re8 9. Rd1 exd4 10. Nxd4 Nc5 11. b3 Nfe4 12. Bb2 Nxc3 13. Bxc3 Bd7 14. Bf3 Qe7
15. Ne2 Bxc3 16. Nxc3 Bc6 17. Bd5 Nd7 18. h3 Nf6 19. Rd2 Rab8 20. Rad1 a6 21.
Qb2 Qe5 22. Qc2 Qe7 1/2-1/2

[Event "Prva A liga SSFBiH"]
[Site "Neum"]
[Date "2012.08.26"]
[Round "3.1"]
[White "Jefic, Srdjan"]
[Black "Tutic, Resad"]
[Result "1/2-1/2"]
[WhiteElo "2165"]
[BlackElo "2258"]
[PlyCount "33"]
[EventDate "2012.08.25"]

1. e4 c5 2. Nc3 Nc6 3. f4 d6 4. Nf3 g6 5. g3 Bg7 6. d3 Nd4 7. Bg2 e6 8. O-O Ne7
9. Ne2 O-O 10. c3 Nxf3+ 11. Rxf3 f5 12. Qc2 Qc7 13. Bd2 b6 14. c4 Bb7 15. Bc3
Nc6 16. Rf2 Rae8 17. Raf1 1/2-1/2

[Event "Prva A liga SSFBiH"]
[Site "Neum"]
[Date "2012.08.26"]
[Round "3.1"]
[White "Zlobec, Srdjan"]
[Black "Miljkovic, Milan"]
[Result "1/2-1/2"]
[WhiteElo "2079"]
[BlackElo "2206"]
[PlyCount "27"]
[EventDate "2012.08.25"]

1. d4 d5 2. Nf3 Nf6 3. c3 c6 4. Bf4 Bf5 5. Qb3 Qb6 6. Nbd2 Nbd7 7. h3 h6 8. e3
e6 9. Be2 Be7 10. O-O O-O 11. Ne5 c5 12. Nxd7 Nxd7 13. Rfe1 cxd4 14. exd4
1/2-1/2

[Event "Prva A liga SSFBiH"]
[Site "Neum"]
[Date "2012.08.26"]
[Round "3.1"]
[White "Djuric, Nebojsa"]
[Black "Mehmedovic, Mirza"]
[Result "0-1"]
[WhiteElo "2181"]
[BlackElo "2219"]
[PlyCount "88"]
[EventDate "2012.08.25"]

1. e4 c6 2. d4 g6 3. Nc3 d5 4. e5 h5 5. Be2 Bf5 6. Nf3 e6 7. O-O a6 8. Bg5 Qc7
9. Nh4 c5 10. Nxf5 gxf5 11. dxc5 Bxc5 12. Bxh5 Ne7 13. Bf6 Rh7 14. Re1 Nbc6 15.
Bf3 O-O-O 16. a3 Bd4 17. Qe2 Rd7 18. Nd1 Ng6 19. c3 Bxe5 20. Bxe5 Ncxe5 21. g3
Qc4 22. Ne3 Nxf3+ 23. Qxf3 Ne5 24. Qg2 Qe4 25. Qxe4 dxe4 26. Red1 Nf3+ 27. Kf1
Rxh2 28. Rxd7 Kxd7 29. Rd1+ Kc7 30. Ke2 Ne5 31. Rd4 Nd3 32. Nd1 e5 33. Rxd3
exd3+ 34. Kxd3 Kd6 35. c4 Rh1 36. Ne3 Ke6 37. b4 f4 38. gxf4 exf4 39. Nc2 Ke5
40. f3 b5 41. cxb5 axb5 42. Kc3 Rd1 43. a4 bxa4 44. Na3 Kd5 0-1

[Event "Prva A liga SSFBiH"]
[Site "Neum"]
[Date "2012.08.26"]
[Round "3.1"]
[White "Colpa, Husein"]
[Black "Pantic, Bojan"]
[Result "1/2-1/2"]
[WhiteElo "1980"]
[BlackElo "2109"]
[PlyCount "88"]
[EventDate "2012.08.25"]

1. Nf3 Nf6 2. c4 e6 3. Nc3 b6 4. g3 Bb7 5. Bg2 Be7 6. O-O d6 7. d4 Ne4 8. Qd3
Nxc3 9. bxc3 Nd7 10. e4 e5 11. Be3 O-O 12. Rad1 a5 13. Rfe1 f5 14. d5 fxe4 15.
Qxe4 Bc8 16. Qc2 Nc5 17. Bxc5 bxc5 18. Nd2 Qe8 19. Ne4 Bg4 20. Rd3 Qh5 21. Ree3
Rf7 22. f3 Bd7 23. Qb1 Raf8 24. Qe1 Qg6 25. Rd2 Rb8 26. Rf2 Bg5 27. Ree2 h5 28.
h4 Bh6 29. Kh2 Rff8 30. Bh3 Bxh3 31. Kxh3 Qf5+ 32. Kg2 Rb6 33. Qh1 a4 34. Qh3
Qxh3+ 35. Kxh3 a3 36. g4 hxg4+ 37. fxg4 Rxf2 38. Rxf2 Bf4 39. g5 Kf7 40. h5 Rb1
41. g6+ Ke7 42. Kg4 Rg1+ 43. Kf5 Rh1 44. Kg4 Rg1+ 1/2-1/2

[Event "Prva A liga SSFBiH"]
[Site "Neum"]
[Date "2012.08.26"]
[Round "3.2"]
[White "Djokic, Vladan"]
[Black "Mujic, Hamza"]
[Result "1-0"]
[WhiteElo "2334"]
[BlackElo "2359"]
[PlyCount "65"]
[EventDate "2012.08.25"]

1. c4 Nf6 2. g3 e5 3. Bg2 Bc5 4. e3 O-O 5. Nc3 Nc6 6. a3 a5 7. Nge2 d6 8. d4
Ba7 9. h3 Bf5 10. g4 Bd7 11. d5 Ne7 12. Ng3 Ng6 13. Bf1 Ne8 14. h4 Qc8 15. Be2
f5 16. gxf5 Bxf5 17. Nce4 Nf6 18. Ng5 e4 19. h5 Ne5 20. h6 gxh6 21. Rxh6 Bg6
22. Ne6 Nfd7 23. b4 Nf3+ 24. Kf1 Nde5 25. Rxg6+ hxg6 26. Nxe4 Qd7 27. Bb2 Bxe3
28. Bxf3 Rxf3 29. Qxf3 Nxf3 30. Nf6+ Kf7 31. Nxd7 Nd2+ 32. Ke2 Nxc4 33. fxe3
1-0

[Event "Prva A liga SSFBiH"]
[Site "Neum"]
[Date "2012.08.26"]
[Round "3.2"]
[White "Sekulic, Dusan"]
[Black "Mahmutbegovic, Midhat"]
[Result "1-0"]
[WhiteElo "2306"]
[BlackElo "2078"]
[PlyCount "71"]
[EventDate "2012.08.25"]

1. d4 d5 2. Nf3 Nf6 3. c4 e6 4. e3 Nbd7 5. Nc3 b6 6. cxd5 exd5 7. Bb5 Bb7 8.
Ne5 Bd6 9. Qa4 Bxe5 10. dxe5 Ng8 11. O-O Ne7 12. Qg4 c6 13. Be2 Nxe5 14. Qxg7
N5g6 15. e4 Qd6 16. Bg5 Rg8 17. Qf6 Qxf6 18. Bxf6 Nf4 19. Bf3 Rg6 20. Bh4 d4
21. Ne2 Ne6 22. Rfd1 c5 23. Ng3 Nf4 24. h3 Nc6 25. Bg4 Ne5 26. Bf5 Rd6 27. Bg5
Nfg6 28. f4 Nc4 29. e5 Rd5 30. Ne4 Nxb2 31. Nd6+ Rxd6 32. exd6 Nxd1 33. d7+ Kf8
34. Rxd1 Ne7 35. Bh6+ Kg8 36. Re1 1-0

[Event "Prva A liga SSFBiH"]
[Site "Neum"]
[Date "2012.08.26"]
[Round "3.3"]
[White "Nestorovic, Nikola"]
[Black "Kruskic, Mirsad"]
[Result "1-0"]
[WhiteElo "2430"]
[BlackElo "2118"]
[PlyCount "59"]
[EventDate "2012.08.25"]

1. e4 c5 2. Nf3 b6 3. c4 Bb7 4. Nc3 Nc6 5. d4 cxd4 6. Nxd4 g6 7. Be3 Bg7 8. Be2
d6 9. f4 Rc8 10. Bg4 Rb8 11. Qa4 Bxd4 12. Bxd4 e5 13. Bf2 Nh6 14. Bf3 O-O 15.
O-O-O Na5 16. Kb1 Qc8 17. Nd5 Kg7 18. Qb4 Qe6 19. h3 Rbc8 20. b3 f5 21. Rhe1
Nc6 22. Qd2 fxe4 23. Bxe4 Nf5 24. Nb4 Rfd8 25. Nxc6 Bxc6 26. Bxc6 Rxc6 27. fxe5
Rcc8 28. exd6 Qxd6 29. Qxd6 Nxd6 30. Bh4 1-0

[Event "Prva A liga SSFBiH"]
[Site "Neum"]
[Date "2012.08.26"]
[Round "3.3"]
[White "Alihodzic, Muzafer"]
[Black "Mrndjic, Muamer"]
[Result "1-0"]
[WhiteElo "2081"]
[BlackElo "2282"]
[PlyCount "54"]
[EventDate "2012.08.25"]

1. e4 c5 2. g3 g6 3. Bg2 Bg7 4. Ne2 Nc6 5. Nbc3 e6 6. O-O Nge7 7. f4 d6 8. d3
Rb8 9. a4 a6 10. Be3 Nd4 11. Bxd4 cxd4 12. Nb1 O-O 13. Nd2 Bd7 14. h4 f5 15.
Nf3 Bc6 16. Kh2 e5 17. h5 fxe4 18. Ng5 exd3 19. Qxd3 Bxg2 20. Kxg2 Qc8 21. Qb3+
d5 22. hxg6 hxg6 23. Rae1 b5 24. Nxd4 exd4 25. Rxe7 Qc4 26. Qf3 Bf6 27. Qg4 Rb6
1-0

[Event "Prva A liga SSFBiH"]
[Site "Neum"]
[Date "2012.08.26"]
[Round "3.3"]
[White "Durakovic, Alman"]
[Black "Music, Suad"]
[Result "1-0"]
[WhiteElo "2217"]
[BlackElo "2021"]
[PlyCount "73"]
[EventDate "2012.08.25"]

1. d4 g6 2. c4 Bg7 3. Nf3 Nf6 4. g3 O-O 5. Bg2 d6 6. O-O Nbd7 7. Nc3 c6 8. e4
e5 9. h3 Re8 10. Be3 Nh5 11. Re1 Bf8 12. Rc1 Ng7 13. b4 Qe7 14. d5 f6 15. dxc6
bxc6 16. b5 Bb7 17. bxc6 Bxc6 18. Nd2 Ne6 19. Nb3 a5 20. Nd5 Bxd5 21. Qxd5 Ndc5
22. h4 Kg7 23. Bh3 a4 24. Nxc5 Nxc5 25. Red1 Red8 26. Rd2 Rdb8 27. Bxc5 dxc5
28. Qc6 Ra7 29. Rcd1 Rbb7 30. Rd8 Kh6 31. Re8 Qg7 32. Rdd8 Be7 33. Rc8 f5 34.
exf5 Qf6 35. Qe4 Rb6 36. fxg6 Bd6 37. Qe3+ 1-0

[Event "Prva A liga SSFBiH"]
[Site "Neum"]
[Date "2012.08.26"]
[Round "3.3"]
[White "Ivic, Marko"]
[Black "Tucakovic, Mario"]
[Result "0-1"]
[WhiteElo "1932"]
[BlackElo "2040"]
[PlyCount "136"]
[EventDate "2012.08.25"]

1. c4 Nf6 2. Nc3 e5 3. g3 d6 4. Bg2 Be7 5. Nf3 O-O 6. O-O c6 7. d3 Nbd7 8. a3
a5 9. Rb1 Qc7 10. Ng5 h6 11. Nge4 Nxe4 12. Bxe4 f5 13. Bg2 Nf6 14. e3 Be6 15.
b3 d5 16. cxd5 cxd5 17. Nb5 Qb6 18. Nc3 Rac8 19. Ne2 Bd6 20. d4 e4 21. b4 axb4
22. axb4 Rc4 23. Bd2 Rfc8 24. f3 Bd7 25. fxe4 fxe4 26. Nf4 Re8 27. Nh5 Be7 28.
Nxf6+ Bxf6 29. Qh5 Rc2 30. Rf2 Qe6 31. Rbf1 Rf8 32. h4 Rcc8 33. Kh2 Ra8 34. b5
Kh7 35. Bb4 Rf7 36. b6 g6 37. Qe2 Qxb6 38. Bc5 Qe6 39. Rb1 b5 40. Rbf1 Rb8 41.
Bb4 Rb7 42. h5 Bc8 43. Re1 Bg5 44. hxg6+ Kxg6 45. Ref1 Rxf2 46. Rxf2 Qc6 47.
Rf8 Rf7 48. Rxf7 Kxf7 49. Bc5 Kg6 50. Bh3 Bxh3 51. Kxh3 Qb7 52. g4 b4 53. Qf1
Qf7 54. Qxf7+ Kxf7 55. Bxb4 Bxe3 56. Bc3 Bf4 57. Be1 Ke7 58. Bb4+ Kd7 59. Kg2
Kc6 60. Kf2 Kb5 61. Bf8 Kc4 62. Bg7 Kd3 63. Be5 Bg5 64. Bg3 e3+ 65. Ke1 e2 66.
Kf2 Bd2 67. Kf3 e1=Q 68. Bxe1 Bxe1 0-1

[Event "Prva A liga SSFBiH"]
[Site "Neum"]
[Date "2012.08.26"]
[Round "3.4"]
[White "Bajric, Sakib"]
[Black "Rasidovic, Sead"]
[Result "0-1"]
[WhiteElo "2202"]
[BlackElo "2359"]
[PlyCount "57"]
[EventDate "2012.08.25"]

1. d3 d5 2. e4 dxe4 3. dxe4 Qxd1+ 4. Kxd1 Nc6 5. c3 e5 6. Be3 f5 7. f3 fxe4 8.
fxe4 Nf6 9. Nf3 Nxe4 10. Bb5 Bd7 11. Bxc6 Bxc6 12. Nxe5 Bd5 13. Kc2 Bd6 14. Nf3
O-O 15. b3 Rae8 16. Re1 a6 17. a4 b6 18. Ra2 h6 19. Rb2 g5 20. h3 Bg3 21. Rd1
Nxc3 22. Nxc3 Bxf3 23. gxf3 Rxe3 24. Nd5 Rexf3 25. b4 Be5 26. Rb3 Rxb3 27. Kxb3
Rf3+ 28. Kc4 Kf7 29. Rd3 0-1

[Event "Prva A liga SSFBiH"]
[Site "Neum"]
[Date "2012.08.26"]
[Round "3.4"]
[White "Mestrovic, Zvonimir"]
[Black "Okicic, Nermin"]
[Result "1/2-1/2"]
[WhiteElo "2319"]
[BlackElo "2170"]
[PlyCount "144"]
[EventDate "2012.08.25"]

1. e4 e6 2. d4 d5 3. Nc3 Nf6 4. Bg5 Be7 5. e5 Nfd7 6. h4 a6 7. Qg4 h5 8. Qg3 g6
9. Nf3 c5 10. dxc5 Nxc5 11. Bxe7 Qxe7 12. Qf4 b5 13. Bd3 Nxd3+ 14. cxd3 Nc6 15.
O-O Bd7 16. Ne2 Rf8 17. Ned4 f5 18. Nxc6 Bxc6 19. Rac1 Rc8 20. Rc2 Bb7 21. Rfc1
Kd7 22. Qd4 Rxc2 23. Rxc2 Rc8 24. Rxc8 Bxc8 25. a3 Ke8 26. Qb6 Qb7 27. Qxb7
Bxb7 28. Nd4 Bc8 29. b4 Kf7 30. Kh2 f4 31. Ne2 g5 32. hxg5 Kg6 33. Nd4 Kxg5 34.
f3 Bd7 35. Nb3 Kf5 36. d4 h4 37. Nc5 Bc8 38. Kh3 Kg5 39. Nd3 Bd7 40. Kh2 Kf5
41. Nf2 Kg5 42. Ng4 Kf5 43. Nf6 Bc6 44. Kh3 Kg5 45. Nh7+ Kg6 46. Nf8+ Kf7 47.
Nh7 Kg6 48. Nf6 Kg5 49. Ng8 Be8 50. Ne7 Bd7 51. Kh2 Kh5 52. Ng8 Kg6 53. Nf6 Bc6
54. Ng4 Kg5 55. Nf2 Kf5 56. Nd3 Bd7 57. Nc5 Bc8 58. Kg1 Kg5 59. a4 bxa4 60.
Nxa4 Kf5 61. Nc5 Kg5 62. Kf2 Kh5 63. Ke2 Kg5 64. Kd2 Kh5 65. Kc3 h3 66. gxh3
Kh4 67. Kd2 Kxh3 68. Ke1 Kg2 69. Ke2 Kg3 70. Nb3 Bd7 71. Nc5 Bc8 72. Nb3 Bd7
1/2-1/2

[Event "Prva A liga SSFBiH"]
[Site "Neum"]
[Date "2012.08.26"]
[Round "3.4"]
[White "Salkic, Fikret"]
[Black "Bogdanovic, Rajko"]
[Result "1/2-1/2"]
[WhiteElo "2192"]
[BlackElo "2308"]
[PlyCount "39"]
[EventDate "2012.08.25"]

1. e4 c5 2. Nf3 d6 3. d4 cxd4 4. Nxd4 Nf6 5. Nc3 a6 6. Bc4 e6 7. Bb3 b5 8. a3
Bb7 9. Qe2 Nc6 10. Nxc6 Bxc6 11. Nd5 Be7 12. Nxe7 Qxe7 13. f3 h6 14. Bd2 Nd7
15. O-O Nc5 16. Ba2 O-O 17. Kh1 e5 18. Qf2 Rfd8 19. Rfd1 Rac8 20. Be3 1/2-1/2

[Event "Prva A liga SSFBiH"]
[Site "Neum"]
[Date "2012.08.26"]
[Round "3.4"]
[White "Koso, Ekrem"]
[Black "Dugonjic, Dragan"]
[Result "1-0"]
[WhiteElo "2137"]
[BlackElo "2062"]
[PlyCount "99"]
[EventDate "2012.08.25"]

1. Nf3 Nf6 2. g3 g6 3. Bg2 Bg7 4. c4 d6 5. Nc3 O-O 6. O-O Nc6 7. d4 e5 8. d5
Ne7 9. e4 a5 10. Ne1 Ne8 11. Nd3 f5 12. f4 exf4 13. Nxf4 Nf6 14. Qe2 Ng4 15.
exf5 gxf5 16. Ne6 Bxe6 17. Qxe6+ Rf7 18. h3 Ne5 19. Bg5 N5g6 20. Rxf5 Qf8 21.
Rxf7 Qxf7 22. Qxf7+ Kxf7 23. Rf1+ Kg8 24. Bf6 Bxf6 25. Rxf6 Kg7 26. Rf2 Ne5 27.
Bf1 h6 28. Nb5 Rc8 29. h4 Kg6 30. b3 Ng4 31. Rf4 Ne3 32. Bh3 N3f5 33. Re4 Rg8
34. Kh2 Kf6 35. Nxc7 Nxg3 36. Ne8+ Rxe8 37. Kxg3 Rg8+ 38. Kf2 Ng6 39. Re6+ Kg7
40. Rxd6 Nxh4 41. Rd7+ Kf6 42. Rxb7 Ng6 43. Be6 Rf8 44. Ke3 h5 45. c5 Ke5 46.
Rg7 Kf6 47. Rh7 Rh8 48. Rxh8 Nxh8 49. c6 Ke7 50. c7 1-0

[Event "Prva A liga SSFBiH"]
[Site "Neum"]
[Date "2012.08.26"]
[Round "3.4"]
[White "Nezirovic, Ozren"]
[Black "Strinic, Halid"]
[Result "0-1"]
[WhiteElo "2132"]
[BlackElo "2120"]
[PlyCount "72"]
[EventDate "2012.08.25"]

1. e4 c5 2. Nf3 d6 3. d4 cxd4 4. Nxd4 Nf6 5. Nc3 a6 6. Be3 Nc6 7. f3 h5 8. Qd2
e5 9. Nb3 Be6 10. O-O-O Qc7 11. Qf2 b5 12. Bb6 Qb7 13. Bxb5 axb5 14. Nxb5 Rc8
15. Nxd6+ Bxd6 16. Rxd6 Nd7 17. Na5 Nxa5 18. Bxa5 O-O 19. Rhd1 Ra8 20. Qe1 Qb5
21. b4 Rfc8 22. Qe3 Qa4 23. R1d2 Qxa2 24. Kd1 Qb1+ 25. Ke2 Rxc2 26. Rxc2 Qxc2+
27. Qd2 Qa4 28. Qc3 h4 29. g3 Nf6 30. g4 Rc8 31. Rd8+ Rxd8 32. Bxd8 Qa2+ 33.
Qd2 Bc4+ 34. Ke3 Qb1 35. g5 Qg1+ 36. Qf2 Qxg5+ 0-1